| 000 | 01440njm a2200325Ia 4500 | ||
|---|---|---|---|
| 001 | 23800 | ||
| 003 | IT-RoPAU | ||
| 005 | 20220918181158.0 | ||
| 008 | 131025s9999 xx 000 0 und d | ||
| 040 | _aIT-RoPAU | ||
| 040 | _cIT-RoPAU | ||
| 999 |
_c102729 _d102729 |
||
| 999 | _bn.d. | ||
| 100 |
_aAA.VV. _9794 |
||
| 100 |
_eAutore musica _95989 |
||
| 100 |
_gCodice autore musica SPICS: 12000 _9796 |
||
| 245 | _aOpera senza parole (Lp Ss 152) | ||
| 250 | _a1a ed. | ||
| 260 | _aMILANO | ||
| 260 | _bBLUEBELL RECORDS | ||
| 300 | _aDISCO | ||
| 500 | _aMusica operistica. Musica classica. Opera lirica | ||
| 505 | _aLa Traviata: addio del passato - Tannhauser: stella della sera - Madame Butterfly: un bel dì - Boheme: valzer Musette - Aida: celeste Aida - Carmen: Habanera - La Traviata: sempre libera | ||
| 511 | _aOrchestra 101 Strings | ||
| 650 |
_aOPERA [DISCHI] _eCodice MATERIA SPICS: 9950 _9961 |
||
| 700 |
_aVerdi Giuseppe _dCodice autore musica SPICS: 89 _eAutore musica _pLa Traviata: addio del passato - Aida: celeste Aida - La Traviata: sempre libera _95990 |
||
| 700 |
_aWagner Richard _dCodice autore musica SPICS: 563 _eAutore musica _pTannhauser: stella della sera _95991 |
||
| 700 |
_aPuccini Giacomo _dCodice autore musica SPICS: 11082 _eAutore musica _pMadame Butterfly: un bel dì - Boheme: valzer Musette _95992 |
||
| 700 |
_aBizet Georges _dCodice autore musica SPICS: 10724 _eAutore musica _pCarmen: Habanera _95993 |
||
| 942 |
_cMD _2ddc |
||